Central Library, Doon University
WEBOPAC (ONLINE PUBLIC ACCESS CATALOGUE)

Java The Complete Reference Thirteenth Twelfth Edition (Record no. 60812)

MARC details
000 -LEADER
fixed length control field 00614nam a22002057a 4500
005 - DATE & TIME
control field 20260515162637.0
008 - FIXED-LENGTH DATA ELEMENTS--GENERAL INFORMATION
fixed length control field 260515b |||||||| |||| 00| 0 eng d
020 ## - ISBN
International Standard Book Number 9789355326478
Price 1750.00
040 ## - CATALOGING SOURCE
Original cataloging agency Doon University
041 ## - Language
Language English
082 ## - DDC NUMBER
Classification number 005.133
Book Number SCH
100 ## - MAIN ENTRY--PERSONAL NAME
Personal name Schildt, Herbert
245 ## - TITLE STATEMENT
Title Java The Complete Reference Thirteenth Twelfth Edition
Sub Title : Comprehensive Coverage of the java Language
250 ## - EDITION STATEMENT
Edition statement 13th
260 ## - PUBLICATION, DISTRIBUTION, ETC. (IMPRINT)
Place of publication, distribution, etc Chennai
Name of publisher, distributor, etc McGraw Hill Education
Date of publication, distribution, etc 2025
300 ## - PHYSICAL DESCRIPTION
Pages 1246
650 ## - Subject
Subject Computer Science (PM (USHA)
700 ## - Added Entry Personal Name
Added Entry Personal Name Cowaard, Danny
942 ## - ADDED ENTRY ELEMENTS (KOHA)
Koha item type Books
100 ## - MAIN ENTRY--PERSONAL NAME
-- 2482
650 ## - Subject
-- 26808
700 ## - Added Entry Personal Name
-- 26831
952 ## - LOCATION AND ITEM INFORMATION (KOHA)
-- 2026-05-15
952 ## - LOCATION AND ITEM INFORMATION (KOHA)
-- 2026-06-04
952 ## - LOCATION AND ITEM INFORMATION (KOHA)
-- 2026-06-04
Holdings
Withdrawn status Lost status Source of classification or shelving scheme Damaged status Not for loan Location (home branch) Sublocation or collection (holding branch) Date acquired Koha issues (times borrowed) Koha full call number Accession No. Koha date last seen Koha item type
          Doon University Doon University 15.05.2026   005.133 SCH 33170 15.05.2026 Books
        Not For Loan Doon University Doon University 04.06.2026   005.133 SCH 34488 04.06.2026 Reference
          Doon University Doon University 04.06.2026   005.133 SCH 34489 04.06.2026 Books
Contact : +91-135-2533126 (Library),+91-135-2533105 (Admin Office) , Email : doonlibrary@gmail.com

Powered by Koha